00377nam a2200133 a 4500008004100000050001800041100001900059245005100078246003200129260004900161300000700210350000900217700001700226120416s1972 ||||||||||||||||| || u aHX 457.T3 Soc aCliffe, Lionel10aSocialism in Tanzaniacedited by Lionel Cliffe aan interdisciplinary reader aNairobibEast African Publishing Housec1972 av. a0.00 aSaul, John S